Dogma, gerarchia e culto nella Chiesa primitiva

Guardat en:
Dades bibliogràfiques
Autor principal: Semeria, Giovanni (Autor)
Format: Llibre
Idioma:italià
Publicat: Roma Federico Pustet 1902
Edició:1a. ed
Matèries:
Etiquetes: Afegir etiqueta
Sense etiquetes, Sigues el primer a etiquetar aquest registre!

MARC

LEADER 00000cam a2200000 a 4500
001 UCD2453
003 CL-VaPUC
008 160428e19020000it |||||||||||||||||ita|d
082 0 4 |a 270  |b SEM  |2 21 
100 0 |a Semeria, Giovanni  |e author  |9 585803 
245 1 0 |a Dogma, gerarchia e culto nella Chiesa primitiva 
250 |a 1a. ed 
300 |a 418 p 
942 |c BK 
945 |d 20160428 21:50:00  |a dcastane 
260 |a Roma  |b Federico Pustet  |c 1902 
650 0 |a Historia de la iglesia   |9 257565 
650 7 |a IGLESIA PRIMITIVA  |2 CL-VaPUC  |9 394704 
583 |a last modification  |c 20160428 21:50:00  |k Rodrigo Vera 
999 |c 363615  |d 363613 
952 |0 0  |1 0  |3 erd  |4 0  |6 270_000000000000000_SEM_1902  |7 0  |8 X  |9 476185  |a BIBTEO  |b BIBTEO  |c TEO_FFR  |i 5228077  |o 270 SEM 1902  |p 5228077  |r 2024-01-18  |w 2019-11-24  |y BK_X  |z Catalogado en:20160428  |k OFM